Notes sur La fábula de Piramo y Tisbe de Góngora / (Record no. 84412)

MARC details
000 -LEADER
campo de control de longitud fija 00629nam a2200181 i 4500
001 - NÚMERO DE CONTROL
campo de control 84412
003 - IDENTIFICADOR DE NÚMERO DE CONTROL
campo de control ES-MaACL
005 - FECHA Y HORA DE LA ÚLTIMA TRANSACCIÓN
campo de control 20230906175018.0
007 - CAMPO FIJO DE DESCRIPCIÓN FÍSICA--INFORMACIÓN GENERAL
campo de control de longitud fija t|
008 - DATOS DE LONGITUD FIJA--INFORMACIÓN GENERAL
campo de control de longitud fija 041122s1961 zzz ||||1| fre d
100 1# - ENTRADA PRINCIPAL--NOMBRE DE PERSONA
Nombre de persona Jammes, Robert.
9 (RLIN) 65989
245 10 - MENCIÓN DEL TÍTULO
Título Notes sur La fábula de Piramo y Tisbe de Góngora /
Mención de responsabilidad, etc. Robert Jammes.
260 ## - PUBLICACIÓN, DISTRIBUCIÓN, ETC.
Lugar de publicación, distribución, etc. [S.l. :
Nombre del editor, distribuidor, etc. s.n.],
Fecha de publicación, distribución, etc. 1961.
300 ## - DESCRIPCIÓN FÍSICA
Extensión 47 p. ;
Dimensiones 23 cm.
500 ## - NOTA GENERAL
Nota general Separata de: Bulletin de la société des langues néo-latines , n° 156, janvier 1961, p. 1-47.
600 04 - PUNTO DE ACCESO ADICIONAL DE MATERIA--NOMBRE DE PERSONA
Nombre de persona Góngora y Argote, Luis de-
Subdivisión general Crítica e interpretación.
9 (RLIN) 58248
852 ## - LOCALIZACIÓN
Ubicación ES-MaACL
Número de control de estantería 2023-F-13
Sublocalización o colección R.48432
Holdings
Estatus retirado Estado de pérdida Estado de daño No para préstamo Colección Biblioteca de origen Biblioteca actual Ubicación en estantería Fecha de adquisición Fuente de adquisición Total de préstamos Signatura topográfica completa Código de barras Visto por última vez Precio de reemplazo Tipo de ítem Koha
        Colección de folletos Biblioteca del Ateneo de Madrid Biblioteca del Ateneo de Madrid Depósito folletos 17/01/2008     2023-F-13 1088214 23/02/2023 23/02/2023 Folleto